书目信息 |
| 题名: |
建筑施工技术与建筑设计研究
|
|
| 作者: | 陈思杰 , 易书林 著 | |
| 分册: | ||
| 出版信息: | 青岛 中国海洋大学出版社 2020.05 |
|
| 页数: | 171页 | |
| 开本: | 24cm | |
| 丛书名: | ||
| 单 册: | ||
| 中图分类: | TU74 , TU2 | |
| 科图分类: | ||
| 主题词: | 建筑施工--jian zhu shi gong--技术--研究 , 建筑设计--jian zhu she ji--研究 | |
| 电子资源: | ||
| ISBN: | 978-7-5670-1484-8 | |
| 000 | 00938nam0 2200265 450 | |
| 001 | 0109110043 | |
| 005 | 20201109110333.0 | |
| 010 | @a978-7-5670-1484-8@dCNY48.00 | |
| 100 | @a20200604d2020 em y0chiy50 ea | |
| 101 | 0 | @achi |
| 102 | @aCN@b370000 | |
| 105 | @aa z 000yy | |
| 106 | @ar | |
| 200 | 1 | @a建筑施工技术与建筑设计研究@Ajian zhu shi gong ji shu yu jian zhu she ji yan jiu@f陈思杰, 易书林著 |
| 210 | @a青岛@c中国海洋大学出版社@d2020.05 | |
| 215 | @a171页@c图@d24cm | |
| 330 | @a本书分绪论;建筑施工技术发展;建筑施工技术质量探讨;建筑施工技术概述;建筑防火设计研究五部分,其主要内容包括:建筑施工特点,建筑的本质及美学特征等。 | |
| 606 | 0 | @a建筑施工@Ajian zhu shi gong@x技术@x研究 |
| 606 | 0 | @a建筑设计@Ajian zhu she ji@x研究 |
| 690 | @aTU74@v5 | |
| 690 | @aTU2@v5 | |
| 701 | 0 | @a陈思杰@Achen si jie@4著 |
| 701 | 0 | @a易书林@Ayi shu lin@4著 |
| 801 | 0 | @aCN@bBJSZM@c20201103 |
| 905 | @b1265201-5@dTU74@e1736@f5 | |
| 建筑施工技术与建筑设计研究/陈思杰, 易书林著.-青岛:中国海洋大学出版社,2020.05 |
| 171页:图;24cm |
| ISBN 978-7-5670-1484-8:CNY48.00 |
| 本书分绪论;建筑施工技术发展;建筑施工技术质量探讨;建筑施工技术概述;建筑防火设计研究五部分,其主要内容包括:建筑施工特点,建筑的本质及美学特征等。 |
| ● |
| 相关链接 |
|
|
|
|
正题名:建筑施工技术与建筑设计研究
索取号:TU74/1736
 
预约/预借
| 序号 | 登录号 | 条形码 | 馆藏地/架位号 | 状态 | 备注 |
| 1 | 1265201 | 212652011 | 第二样本阅览室/ [索取号:TU74/1736] | 在馆 | |
| 2 | 1265202 | 212652020 | 教育系资料室/ [索取号:TU74/1736] | 在馆 | |
| 3 | 1265203 | 212652039 | 教育系资料室/ [索取号:TU74/1736] | 在馆 | |
| 4 | 1265204 | 212652048 | 第三借阅区/ [索取号:TU74/1736] | 在馆 | |
| 5 | 1265205 | 212652057 | 第三借阅区/ [索取号:TU74/1736] | 在馆 |